000 00430nam a2200181Ia 4500
008 210210b1929 xxu||||| |||| 00| 0 eng d
041 _aeng
082 _a884/23
100 _aSUKTHANKAR (Vi Es) Ed
245 _aMahAbhArata: Adiparvan Part III
260 _aPoona
_b-
_c1929
650 _aPart
650 _aMahAbhArata:
650 _aIII
650 _aAdiparvan
690 _aSanskrit Purana & Smrithi
906 _a024431
999 _c149921
_d149921